Vista normal
Vista MARC
- Estrada Letona, Diana Cecilia
Entrada Nombre personal
Número de registros utilizados en: 4
001 - NÚMERO DE CONTROL
- campo de control: 89
003 - IDENTIFICADOR DE NÚMERO DE CONTROL
- campo de control: gtuscu
005 - FECHA Y HORA DE LA ÚLTIMA TRANSACCIÓN
- campo de control: 20260320113227.0
008 - ELEMENTOS DE DATO DE LONGITUD-FIJA
- campo de control de longitud fija: 260320|| azz||aabn | a|a d
040 ## - FUENTE DE CATALOGACIÓN
- Centro catalogador/agencia de origen: gtuscu
100 1# - ENCABEZAMIENTO-NOMBRE DE PERSONA
- Nombre de persona: Estrada Letona, Diana Cecilia
- Fechas asociadas al nombre: 1982- ;
- Término indicativo de función/relación: diagramadora
400 1# - TRAZADO DE VÉASE--NOMBRE DE PERSONA
- Nombre de persona: Estrada, Diana